000
00298nam a2200133Ia 4500
008
190216s9999||||xx |||||||||||||| ||und||
100
_a
Paul R R
245
0
_a
Classical Political Economy
250
_a
2nd Ed.
260
_b
Kalyani Pub
_c
1992
300
_a
389
650
_a
Economics
942
_c
BK
999
_c
9084
_d
9084